000 01009nam a2200265Ia 4500
003 OSt
005 20221005104008.0
006 a|||||r|||| 00| 0
007 ta
008 221004b |||||||| |||| 00| 0 hin d
020 _a9788179171066 (hbk)
_c550
024 _a7826
037 _b238, 07/10/2013, P. K. Books
_cTextual
040 _aCRL
_cCRL
_bhin
041 _2hin
_ahin
082 _aX:322.2, 152Q2
100 _aजोशी, पूरन चंद्र
245 0 _aभारत में भूमि सुधार अध्ययनों का सर्वेक्षण
246 _aBhārat mean bhūmi sudhār adhyayanoan kā sarvekṣhaṇa
260 _aदिल्ली
_bग्रंथ शिल्पी भारत
_c2012
300 _a128पृ0
_ccm.
650 _aअर्थशास्त्र
942 _hX:322.2, 152Q2
_cTEXL
_2cc
999 _c1011449
_d1011449